Estrategia nacional para manejo de información sobre colecciones vivas en los jardines botánicos de Colombia (Registro nro. 1762)
[ vista simple ]
| 000 -CABECERA | |
|---|---|
| Campo de control | 00832nam a2200229 a 4500 |
| 005 - FECHA Y HORA DE LA ULTIMA TRANSACCION | |
| Campo de control | 20180907162924.0 |
| 008 - ELEMENTOS DE LONGITUD FIJA—INFORMACION GENERAL | |
| Campo de control | 140121b2000 ck ||||| |||| 00| 0 spa d |
| 041 ## - IDIOMA | |
| Código de idioma para texto/pista de sonido o título separado | Español |
| 044 ## - PAÍS DE PUBLICACIÓN | |
| País de publicación | Colombia |
| 090 ## - CLASIFICACIÓN LOCAL | |
| Colección | IAvH |
| Consecutivo | 00113 |
| 100 ## - ASIENTO PRINCIPAL--NOMBRE PERSONAL | |
| Nombre personal | García Martínez, Hernando |
| 110 ## - ASIENTO PRINCIPAL--NOMBRE CORPORATIVO | |
| Nombre corporativo o de jurisdicción como elemento de entrada | Instituto de Investigación de Recursos Biológicos Alexander von Humboldt |
| Unidad subordinad | Instituto de Investigación de Recursos Biológicos Alexander von Humboldt |
| 245 ## - MENCION DE TITULO | |
| Título | Estrategia nacional para manejo de información sobre colecciones vivas en los jardines botánicos de Colombia |
| 260 ## - PUBLICACION, DISTRIBUCION, ETC. (PIE DE IMPRENTA) | |
| Lugar de publicación, distribución, etc. | Bogotá |
| Fecha de publicación, distribución, etc. | 2000 |
| Nombre del editor, distribuidor, etc. | s.e |
| 300 ## - DESCRIPCION FISICA | |
| Extensión | 57 |
| 650 ## - ASIENTO SECUNDARIO DE MATERIA - TERMINO TEMATICO | |
| Término temático o nombre geográfico como elemento de entrada | Jardines botánicos |
| 650 ## - ASIENTO SECUNDARIO DE MATERIA - TERMINO TEMATICO | |
| Término temático o nombre geográfico como elemento de entrada | Colecciones biológicas |
| 650 ## - ASIENTO SECUNDARIO DE MATERIA - TERMINO TEMATICO | |
| Término temático o nombre geográfico como elemento de entrada | Sistemas de información |
| 650 ## - ASIENTO SECUNDARIO DE MATERIA - TERMINO TEMATICO | |
| Término temático o nombre geográfico como elemento de entrada | Colección viva |
| 662 ## - ASIENTO SECUNDARIO DE MATERIA - JERARQUIA DEL NOMBRE DE LUGAR( | |
| País o entidad mayor | Colombia |
| 942 ## - ELEMENTOS ADICIONALES (KOHA) | |
| Tipo de ítem | CD-ROM |
| Sistema de clasificación | Local |
| Koha issues (borrowed), all copies | 1 |
| Withdrawn status | Lost status | Sistema de Clasificación | Damaged status | No para préstamo | Colección | Ubicación Permanente | Ubicación actual | Fecha de adquisición | Fuente de Valor | Total Checkouts | Número topográfico | Inventario / Código de Barras | Date last seen | Ejemplar | Price effective from | Forma de adquisición | Tipo de material | Inventariado | Valor | Total Renewals | Date checked out |
|---|---|---|---|---|---|---|---|---|---|---|---|---|---|---|---|---|---|---|---|---|---|
| Dewey Decimal Classification | Humboldt | Bogotá | Bogotá | 15/11/2001 | Instituto | 1 | IAvH-580.73 G21e | 014027 | 22/07/2013 | Ej. 1 | 04/12/2012 | Institucional | Libro | Inventariado 2017 | 30000.00 | 1 | 10/06/2013 | ||||
| Dewey Decimal Classification | Humboldt | Bogotá | Bogotá | 15/11/2001 | Instituto | IAvH-580.73 G21e | 014028 | 04/12/2012 | Ej. 2 | 04/12/2012 | Institucional | Libro | Inventariado 2017 | 30000.00 | |||||||
| Dewey Decimal Classification | Humboldt | Bogotá | Bogotá | 15/11/2001 | Instituto | 1 | IAvH-580.73 G21e | 014029 | 11/09/2014 | Ej. 3 | 04/12/2012 | Institucional | Libro | Inventariado 2017 | 30000.00 | 11/09/2014 | |||||
| Dewey Decimal Classification | Humboldt | Sala Fabio Quevedo | Sala Fabio Quevedo | 18/07/2014 | Instituto | IAvH-580.73 G21e | 004056 | 04/12/2012 | Ej. 4 | 04/12/2012 | Institucional | Libro | Inventariado 2017 | 30000.00 | |||||||
| Dewey Decimal Classification | Humboldt | Sala Fabio Quevedo | Sala Fabio Quevedo | 18/07/2014 | Instituto | IAvH-580.73 G21e | 004057 | 04/12/2012 | Ej. 5 | 04/12/2012 | Libro | Inventariado 2017 | 30000.00 | ||||||||
| Dewey Decimal Classification | Humboldt | Sala Fabio Quevedo | Sala Fabio Quevedo | 06/10/2014 | Instituto | IAVH-580.73 G21e | 004124 | 06/10/2014 | Ej.6 | 06/10/2014 | Institucional | Libro | Inventariado 2017 | 30000.00 | |||||||
| Dewey Decimal Classification | Humboldt | Sala Fabio Quevedo | Sala Fabio Quevedo | 06/10/2014 | Instituto | IAVH-580.73 G21e | 004125 | 06/10/2014 | Ej.7 | 06/10/2014 | Institucional | Libro | Inventariado 2017 | 30000.00 | |||||||
| Local | Referencia | Villa de Leyva | Villa de Leyva | 10/01/2001 | Escobar, Jorge | IAvH-00113 | 004055 | 04/12/2012 | Ej. 1 | 04/12/2012 | Institucional | Libro |